Countries Alphabetically Before All Their Neighbors - Statistics

General Stats
  • This quiz has been taken 3,121 times
    3,104 since last reset
  • The average score is 29 of 41
Answer Stats
Country % Correct
Argentina
89%
Afghanistan
88%
Albania
88%
Andorra
87%
Armenia
87%
Algeria
86%
Austria
84%
Canada
84%
Angola
81%
Belgium
80%
Belize
80%
Dominican Republic
79%
Bhutan
77%
Finland
77%
Brunei
76%
Denmark
75%
Egypt
73%
Ireland
73%
Cambodia
72%
Benin
71%
Estonia
71%
Bangladesh
69%
Djibouti
69%
Costa Rica
68%
Eswatini
68%
Belarus
67%
Burundi
67%
Bosnia & Herzegovina
64%
Botswana
64%
Bulgaria
64%
Cameroon
63%
East Timor
62%
Oman
62%
El Salvador
61%
Gambia
61%
Lesotho
61%
Portugal
57%
Guinea
48%
Qatar
44%
Moldova
34%
Malawi
30%
No matching quizzes found
Score Distribution
Percent of People with Each Score
Percentile by Number Answered
Your Score History
You have not taken this quiz since the last reset